000 00814nam a22002537a 4500
001 3432
003 FISKH
005 20240305111640.0
008 240305b cb ||||| |||| 00| 0 eng d
040 _aFISK
_beng
_cFISK
_dFISK
050 _aPZ7.H7427
082 _a813.6
100 _aHolub Joan
_d1956-
245 _aPersephone the phony /
_cJoan Holub
260 _aNew York :
_bScholastic,
_c2011
300 _a137 pages :
_c20 cm
490 _3Goddess girls
505 _aM
520 _aDespite the warnings of her friends at Mount Olympus Academy, Persephone befriends bad-boy Hades, but following her mother's advice to "go along to get along" complicates her relationships with all of them.
521 8 _a690
_bLexiles
700 _aJoan Holub
942 _2ddc
_cBK
_n0
999 _c3432
_d3432